MARC

LEADER 00000nam0a2200000 4500
001 287335
005 20231101235959.0
020 |a RU  |b 85-71773 
035 |a (RuTPU)RU\TPU\book\311730 
090 |a 287335 
100 |a 20150316d1985 km y0rusy5003 ca 
101 1 |a rus  |c eng 
102 |a RU 
105 |a a z 001zy 
200 1 |a Количественная стратиграфическая корреляция  |e [сборник статей]  |e пер. с англ.  |f под ред. Д. Кубитта , Р. Реймента 
210 |a Москва  |c Мир  |d 1985 
215 |a 376 с.  |c ил.  |d 22 см 
320 |a Библиография в конце статей 
606 1 |a Стратиграфия  |2 stltpush  |3 (RuTPU)RU\TPU\subj\57192  |9 75055 
610 1 |a геологические последовательности 
610 1 |a корреляции 
610 1 |a биостратиграфия 
610 1 |a литостратиграфия 
610 1 |a биохронология 
610 1 |a кайнозойская стратиграфия 
610 1 |a Атлантика 
610 1 |a континентальные окраины 
675 |a 551.7  |z rus  |v 4 
702 1 |a Кубитт  |b Д.  |g Джон  |4 340 
702 1 |a Реймент  |b Р.  |g Ричард  |4 340 
801 0 |a RU  |b RuMRKP  |c 19950704  |g psbo 
801 1 |a RU  |b 63413507  |c 20150316 
801 2 |a RU  |b 63413507  |c 20180126  |g RCR 
942 |c BK